=LDR 00000nam 2200000 4500 =001 INLIS000000000030648 =005 20130612132756 =008 ***********************************ind** =035 ##$$0010-061300000030648 =041 ##$$a ind =082 ##$$a 2x6.4 =090 ##$$a 2x6.4, Ass j =100 ##$$a Assalami, Amir Husein =245 ##$$a Jilbab di gugat, Amir Husein Assalami; penerjemah, Ali Gufron,Lc; editor, M.Badawi =260 ##$$a 2006 $b Surakarta =300 ##$$a 155 hlm, 23 cm =650 ##$$a Kedudukan Wanita =850 ##$$a NBPNMAT =990 ##$$a 0001/BPAP-NTB/20142015